000 00773nam a2200265Ia 4500
003 OSt
005 20220918164519.0
006 a|||||r|||| 00| 0
007 ta
008 220917b |||||||| |||| 00| 0 eng d
020 _a0669043214
024 _a3,327
037 _cTextual
040 _aARTS
_cARTS
_beng
041 _2eng
_aeng
082 _a234:81.73, M1
100 _aCline Hugh f.
_919262
245 0 _aBuilding library collectionas
_b Policies and practices in academic libraries
260 _aLexington
_bLexington Books
_c1981
300 _axvi,170p
_ccm.
650 _aLIBRARY SCIENCE
700 _a Sinnott Loraine T.
_919263
942 _h234:81.73, M1
_cTEXL
_2CC
999 _c125127
_d125127